01001cam a22002897a 4500003000500000005001700005008004100022010001000063011001000073035001000083040000900093082001600102100003100118245004300149260003800192300001100230590004100241590004200282650004500324650003200369650003500401901000700436942001000443949009500453999001700548952014600565CHAP20220329134553.0971013s1983 r 00010 d a22359 a23331 a27427 cCHAP a631.096bC600aCollinson, Michael.925294 0aFarm management in peasant agriculture aBoulder, Colo. :bWestview,c1983 a454 p. aBATCH-UPDb10c20130110lUCH01h2036 aCONVERSIONb10c20130109lUCH01h131314aAgriculturaxTrabajadoresxAfrica.9184114aCampesinadoxAfrica.91799414aEmpresas agropecuarias.936649 aBK cLIBRO a631.096 C6bBCcLIBROd33724000054664eLIBROgI.135646h70755i27427mDirectosit41050.00 c22359d22359 00102ddc4052708GRALaBCbBCcPP_GRALd2019-12-31eI.135646fLIBROl0o631.096 C6p33724000054664r2019-12-31 00:00:00w2019-12-31yLIBRO